| 000 | 01365cad a22002895a 4500 | ||
|---|---|---|---|
| 001 | 116127 | ||
| 008 | 140115s2018 xxk f 000 0 eng d | ||
| 020 | _a9781783212156 | ||
| 041 | 0 | _aeng | |
| 050 | 0 | 4 | _a692.3 |
| 110 | 2 |
_aInternational Property Measurement Standards Coaliton _96145 |
|
| 240 | _aIPMS | ||
| 245 | 0 | 0 |
_aInternational Property Measurement Standards _bIndustrial Buildings _h[electronic resource] |
| 260 |
_aLondon _b International Property Measurement Standards Coalition _c2018 |
||
| 490 | _aInternational Property Measurement Standards | ||
| 520 | _aIPMS: Industrial Buildings is of particular interest to organisations and businesses with building structures not covered by office or residential measurements. The new, high-level standard will not only provide clarity for those purchasing or leasing industrial property, but will also enable comparisons of differing measurement standards by interfacing with IPMS. | ||
| 590 | _aKA | ||
| 650 | 2 | 4 | _aInternational Property Measurement Standards |
| 650 | 2 | 4 | _aINDUSTRIAL |
| 651 | 4 | _aInternational | |
| 690 |
_aMeasurement _96256 |
||
| 700 | 1 | _aCreighton, Kenneth | |
| 700 | 1 | _aPirlot, Jean-Yves | |
| 700 | 1 | _aPrats, Lisa | |
| 856 | 4 | 0 |
_uhttps://fastedit.files.wordpress.com/2018/01/ipms-industrial-buildings-2018.pdf _zView the item free of charge at ipmsc.org |
| 942 |
_n0 _2ddc |
||
| 999 |
_c116127 _d116127 |
||